Chile y Argentina: consolidación de sus fronteras
-д хадгалсан:
| Үндсэн зохиолч: | |
|---|---|
| Формат: | Ном |
| Хэл сонгох: | испани |
| Хэвлэсэн: |
Santiago
Del Pacífico
1960
|
| Нөхцлүүд: | |
| Шошгууд: |
Шошго нэмэх
Шошго байхгүй, Энэхүү баримтыг шошголох эхний хүн болох!
|
MARC
| LEADER | 00000nam a2200000 a 4500 | ||
|---|---|---|---|
| 001 | UCP8001 | ||
| 003 | CL-VaPUC | ||
| 008 | 000106e19600000CL |||||||||||||||||spa|d | ||
| 082 | 0 | 4 | |a 341.42 |b RIO |2 21 |
| 100 | 0 | |a Ríos Gallardo, Conrado |e author |9 437782 | |
| 245 | 1 | 0 | |a Chile y Argentina: consolidación de sus fronteras |
| 300 | |a 295 p | ||
| 942 | |c BK | ||
| 945 | |d 20000106 00:00:00 |a crobeson | ||
| 260 | |a Santiago |b Del Pacífico |c 1960 | ||
| 650 | 0 | |a Problemas limítrofes |9 266724 | |
| 650 | 0 | |a Tratados internacionales |9 256056 | |
| 650 | 0 | |a Límites |9 255439 | |
| 650 | 0 | |a Relaciones Internacionales |9 255740 | |
| 651 | 7 | |a CHILE |2 CL-VaPUC |9 437783 | |
| 651 | 0 | |a Argentina |9 254888 | |
| 583 | |a last modification |c 20160602 17:24:31 |k Rodrigo Vera | ||
| 999 | |c 285036 |d 285034 | ||
| 952 | |0 0 |1 0 |4 0 |6 341_420000000000000_RIO_1960 |7 0 |8 A |9 329387 |a BIBHIS |b BIBHIS |d 2019-11-20 |i 1374087 |o 341.42 RIO 1960 |p 1374087 |r 2025-01-20 |w 2019-11-20 |y BK |k HIS | ||